Tous les résultats de la coupe du monde 2022 - Statistiques

Statistiques générales
  • Ce quiz a été pris 2 307 fois
    2 163 depuis la dernière actualisation
  • Le résultat moyen est 37 sur 64
Statistiques - réponses
Hint Réponse % Correct
Angleterre - Iran 1
87%
France - Australie 1
84%
Qatar - Equateur 2
82%
Argentine - Arabie Saoudite 2
82%
Brésil - Serbie 1
80%
Qatar - Sénégal 2
77%
Espagne - Costa Rica 1
76%
Argentine - Mexique 1
76%
Portugal - Ghana 1
75%
Pays-Bas - Qatar 1
74%
Argentine - Australie (1/8) 1
74%
France - Pologne (1/8) 1
74%
Angleterre - Sénégal (1/8) 1
74%
Brésil - Corée du Sud (1/8) 1
74%
Argentine - Croatie (1/2) 1
74%
France - Maroc (1/2) 1
74%
Sénégal - Pays-Bas 2
74%
France - Danemark 1
73%
Portugal - Suisse (1/8) 1
73%
Maroc - Portugal (1/4) 1
73%
Angleterre - France (1/4) 2
73%
Pays-Bas - États Unis (1/8) 1
72%
Croatie - Canada 1
71%
Pays-Bas - Argentine (1/4) 2
71%
Brésil - Suisse 1
70%
Pologne - Argentine 2
69%
Canada - Maroc 2
69%
Pologne - Arabie Saoudite 1
68%
Maroc - Espagne (1/8) 1
68%
Argentine - France (F) 1
68%
Pays de Galles - Angleterre 2
68%
Croatie - Brésil (1/4) 1
65%
Croatie - Maroc (PF) 1
65%
Japon - Croatie (1/8) 2
65%
Portugal - Uruguay 1
64%
Allemagne - Japon 2
64%
Belgique - Canada 1
63%
Arabie Saoudite - Mexique 2
62%
Belgique - Maroc 2
61%
Suisse - Cameroun 1
60%
Costa Rica - Allemagne 2
58%
Equateur - Sénégal 2
55%
Iran - Etats-Unis 2
54%
Tunisie - France 1
53%
Ghana - Uruguay 2
50%
Serbie - Suisse 2
48%
Tunisie - Australie 2
45%
Japon - Espagne 1
43%
Maroc - Croatie N
42%
Etats-Unis - Pays de Galles N
40%
Australie - Danemark 1
37%
Espagne - Allemagne N
36%
Danemark - Tunisie N
35%
Cameroun - Brésil 1
33%
Mexique - Pologne N
33%
Cameroun - Serbie N
31%
Pays de Galles - Iran 2
25%
Croatie - Belgique N
24%
Corée du Sud - Portugal 1
23%
Corée du Sud - Ghana 2
22%
Uruguay - Corée du Sud N
21%
Japon - Costa Rica 2
20%
Angleterre - Etats-Unis N
20%
Pays-Bas - Equateur N
13%
Aucun quiz correspondant
Distribution des résultats
% des personnes avec chaque résultat
Percentile par nombre de réponses
Votre historique - résultats
Vous n’avez pas pris ce quiz depuis la dernière actualisation